[Event "21st Panam-ch"]
[Site "Mar del Plata ARG"]
[Date "2012.10.14"]
[Round "4.65"]
[White "March, Diego"]
[Black "San Martin Basualto, Epiro"]
[Result "1/2-1/2"]
[WhiteElo "1822"]
[BlackElo "2114"]
[EventDate "2012.10.12"]
[PlyCount "103"]

1.d4 Nf6 2.c4 e6 3.Nc3 Bb4 4.e3 Bxc3+ 5.bxc3 c5 6.Bd3 d6 7.Nf3 Nc6 8.e4 e5
9.d5 Ne7 10.h3 h6 11.O-O g5 12.Nh2 Ng6 13.Bc2 Bd7 14.Re1 a6 15.a4 a5 16.
Qf3 Nh4 17.Qe3 Rg8 18.Bd1 Rg7 19.Ng4 Nxg4 20.hxg4 Qf6 21.g3 Ng6 22.Qf3 
Qxf3 23.Bxf3 O-O-O 24.Kg2 Ne7 25.Rh1 Rg6 26.Be3 Kc7 27.Bd1 Ra8 28.f3 f6 
29.Bc2 Nc8 30.Rh5 Nb6 31.Bb3 Rh8 32.Bd2 Rg7 33.Be3 Rgh7 34.Kf2 Be8 35.Rhh1
h5 36.gxh5 Rxh5 37.Rxh5 Rxh5 38.Kg2 Bg6 39.g4 Rh4 40.Bf2 Rh8 41.Be3 Be8 
42.Bd2 Bd7 43.Be3 Kd8 44.Bf2 Ke7 45.Be3 Kf7 46.Bf2 Ra8 47.Kf1 Ra6 48.Ke2 
Nc8 49.Kd3 Rb6 50.Ra3 Ne7 51.Bg3 Ng6 52.Ke3 1/2-1/2

[Event "21st Panam-ch"]
[Site "Mar del Plata ARG"]
[Date "2012.10.14"]
[Round "4.66"]
[White "Salvatti, Diego"]
[Black "Epelboin, Matias"]
[Result "1-0"]
[WhiteElo "2112"]
[BlackElo "1941"]
[EventDate "2012.10.12"]
[PlyCount "127"]

1.Nf3 Nf6 2.c4 g6 3.Nc3 Bg7 4.g3 O-O 5.Bg2 d6 6.O-O c6 7.Rb1 a6 8.b4 Bf5 
9.d3 e5 10.e4 Bg4 11.Qb3 Bxf3 12.Bxf3 b5 13.a4 Qb6 14.Be3 Qb7 15.c5 dxc5 
16.Bxc5 Rd8 17.Rfd1 Nbd7 18.Be3 Ne8 19.Bg4 Nf8 20.Rbc1 Nc7 21.Ne2 Nce6 22.
a5 Rd6 23.Bb6 Nd7 24.Be3 Ndf8 25.Rc3 h5 26.Bh3 Rad8 27.Bb6 Ra8 28.Rdc1 Bh6
29.Rf1 Bg7 30.Rc2 Ng5 31.Bg2 Qd7 32.Rc3 Rc8 33.Bc5 Rf6 34.f4 Nh3+ 35.Kh1 
exf4 36.gxf4 Qg4 37.Bf3 Qh4 38.e5 Re6 39.Be4 Bh6 40.Be3 g5 41.Bf5 gxf4 42.
Bd4 Rd8 43.Qc2 f3 44.Rxf3 Rxd4 45.Rxh3 Qe1+ 46.Kg2 Rxb4 47.Rg3+ Kh8 48.
Bxe6 Nxe6 49.Rxc6 Rb1 50.Rc8+ Bf8 51.Kh3 Qf1+ 52.Kh4 Rb4+ 53.d4 Rxd4+ 54.
Nxd4 Qf4+ 55.Kh3 Qxd4 56.Rxf8+ Nxf8 57.Qf5 Qd7 58.Rf3 Kg7 59.Qxd7 Nxd7 60.
Re3 Nc5 61.Rg3+ Kh6 62.Rg8 Nb3 63.Ra8 Nxa5 64.Rxa6+ 1-0

[Event "21st Panam-ch"]
[Site "Mar del Plata ARG"]
[Date "2012.10.14"]
[Round "4.67"]
[White "Baeta, Marcio Netto"]
[Black "Ortiz, Jorge"]
[Result "1-0"]
[WhiteElo "2101"]
[BlackElo "1932"]
[EventDate "2012.10.12"]
[PlyCount "50"]

1.c4 Nf6 2.g3 e6 3.Bg2 d5 4.Nf3 c6 5.b3 g6 6.Bb2 Bg7 7.O-O O-O 8.d3 Nbd7 
9.Nbd2 Re8 10.e4 dxe4 11.dxe4 e5 12.Qc2 c5 13.Rfd1 Qc7 14.Nf1 Nb8 15.Ne3 
Nc6 16.Nd5 Qb8 17.h3 Nd7 18.a3 Nf8 19.b4 Ne6 20.Qa4 Rf8 21.b5 Ncd4 22.Nxd4
Nxd4 23.Bxd4 exd4 24.f4 Bd7 25.Qb3 Qc8 1-0

[Event "21st Panam-ch"]
[Site "Mar del Plata ARG"]
[Date "2012.10.14"]
[Round "4.68"]
[White "Fonseca, Luis Ernesto Serra"]
[Black "Bianchi, Augusto"]
[Result "0-1"]
[WhiteElo "2096"]
[BlackElo "1903"]
[EventDate "2012.10.12"]
[PlyCount "68"]

1.e4 Nc6 2.Nf3 e5 3.Bb5 a6 4.Ba4 Nf6 5.O-O d6 6.Re1 b5 7.Bb3 Be7 8.c3 O-O 
9.h3 h6 10.d4 exd4 11.cxd4 d5 12.e5 Ne4 13.Nc3 Nxc3 14.bxc3 Bf5 15.a3 Na5 
16.Ba2 c6 17.e6 fxe6 18.g4 Be4 19.Nd2 Bh7 20.Rxe6 Qd7 21.Qe2 Bh4 22.f3 Bd3
23.Qe3 Bg5 24.Qe5 Rae8 25.Rxe8 Rxe8 26.Qg3 Re2 27.Nb3 Rxa2 28.Rxa2 Nxb3 
29.Bxg5 hxg5 30.f4 Nc1 31.Qe3 Nxa2 32.Qxd3 Qe7 33.fxg5 Qe1+ 34.Kg2 Qe4+ 
0-1

[Event "21st Panam-ch"]
[Site "Mar del Plata ARG"]
[Date "2012.10.14"]
[Round "4.69"]
[White "Okamura, Milton Kasuo"]
[Black "Espindola, Juan Carlos"]
[Result "0-1"]
[WhiteElo "2092"]
[BlackElo "1891"]
[EventDate "2012.10.12"]
[PlyCount "64"]

1.d4 d6 2.Nf3 Nf6 3.c4 c6 4.Nc3 Bf5 5.Nh4 g6 6.Nxf5 gxf5 7.g3 Nbd7 8.Bg2 
e6 9.O-O h5 10.h4 Bh6 11.Bxh6 Rxh6 12.Qd2 Rg6 13.e4 fxe4 14.Nxe4 Nxe4 15.
Bxe4 Rg8 16.Bg2 a5 17.Rfe1 Qf6 18.Rac1 Rg4 19.d5 cxd5 20.cxd5 e5 21.Qe2 
Rb4 22.Rc2 Qg6 23.Rec1 f5 24.Rc8+ Rxc8 25.Rxc8+ Ke7 26.Qc2 Nc5 27.a3 Rd4 
28.Bh3 a4 29.Bxf5 Qh6 30.Bh3 Re4 31.Kh2 Qg6 32.Bg2 Rxh4+ 0-1

[Event "21st Panam-ch"]
[Site "Mar del Plata ARG"]
[Date "2012.10.14"]
[Round "4.71"]
[White "Crespo, Eugenio"]
[Black "Elias, Roberto"]
[Result "1-0"]
[WhiteElo "2076"]
[BlackElo "1885"]
[EventDate "2012.10.12"]
[PlyCount "49"]

1.e4 c6 2.d4 d5 3.Nc3 dxe4 4.Nxe4 Bf5 5.Ng3 Bg6 6.Nf3 Nd7 7.h4 h6 8.h5 Bh7
9.Bd3 Bxd3 10.Qxd3 e6 11.Bd2 Ngf6 12.O-O-O Qc7 13.Ne4 Nd5 14.g3 Be7 15.c4 
Nb4 16.Bxb4 Bxb4 17.c5 O-O 18.a3 f5 19.Neg5 Nxc5 20.dxc5 Rad8 21.Qc4 hxg5 
22.Qxe6+ Kh8 23.axb4 g4 24.Ne5 Rf6 25.Rxd8+ 1-0

[Event "21st Panam-ch"]
[Site "Mar del Plata ARG"]
[Date "2012.10.14"]
[Round "4.72"]
[White "Pirola, Marcos"]
[Black "Alvarez, Agustin"]
[Result "1-0"]
[WhiteElo "2070"]
[BlackElo "1863"]
[EventDate "2012.10.12"]
[PlyCount "85"]

1.c4 c5 2.Nf3 Nc6 3.g3 e5 4.Nc3 g6 5.Bg2 Bg7 6.d3 Nge7 7.O-O O-O 8.a3 d5 
9.cxd5 Nxd5 10.Nxe5 Nxc3 11.Nxc6 Nxd1 12.Nxd8 Nxb2 13.Bxb2 Bxb2 14.Ra2 
Rxd8 15.Rxb2 Rb8 16.Rc1 b6 17.Rxc5 Bg4 18.Rc4 Be6 19.Rc7 a6 20.Rb7 Rdc8 
21.f4 b5 22.Ra7 Rb6 23.Kf2 Rd6 24.Bb7 Rd7 25.Bxc8 Rxa7 26.Bxe6 fxe6 27.a4 
bxa4 28.Ra2 Kf7 29.Rxa4 Ke7 30.Ke3 a5 31.Kd4 Kd6 32.e4 h5 33.h3 Ra8 34.Kc4
Kc6 35.d4 Kb6 36.d5 Re8 37.dxe6 Rxe6 38.Kd5 Re8 39.e5 Ra8 40.e6 Kc7 41.Ke5
Rf8 42.e7 Ra8 43.Ke6 1-0

[Event "21st Panam-ch"]
[Site "Mar del Plata ARG"]
[Date "2012.10.14"]
[Round "4.73"]
[White "Baquero, Yuri Paola"]
[Black "Lo Presti, Roberto"]
[Result "0-1"]
[WhiteElo "1780"]
[BlackElo "2065"]
[EventDate "2012.10.12"]
[PlyCount "37"]

1.d4 e6 2.c4 Nf6 3.g3 d5 4.Bg2 dxc4 5.Qa4+ Nbd7 6.Nc3 a6 7.Qxc4 c5 8.Nf3 
b5 9.Qd3 Bb7 10.e3 cxd4 11.Qxd4 Bc5 12.Qd1 Ne5 13.Ke2 Qc7 14.Nh4 Rd8 15.
Qf1 Bb4 16.f4 Qc4+ 17.Kf2 Nd3+ 18.Kg1 Bxc3 19.bxc3 0-1

[Event "21st Panam-ch"]
[Site "Mar del Plata ARG"]
[Date "2012.10.14"]
[Round "4.74"]
[White "Romero, Fabian"]
[Black "Villegas, Franco"]
[Result "0-1"]
[WhiteElo "2058"]
[BlackElo "1852"]
[EventDate "2012.10.12"]
[PlyCount "72"]

1.d4 e6 2.e4 d5 3.e5 c5 4.c3 Nc6 5.Nf3 Bd7 6.Bd3 Qb6 7.Ng5 cxd4 8.Nxf7 
Kxf7 9.Qh5+ g6 10.Bxg6+ hxg6 11.Qxh8 Bg7 12.Qh3 Qa6 13.f4 dxc3 14.Nxc3 Nd4
15.Kf2 Nb3 16.Rb1 Nxc1 17.Rhxc1 Qb6+ 18.Ke1 Ne7 19.g4 Rc8 20.b3 Qb4 21.Qg3
d4 22.a3 Qa5 23.b4 Qxa3 24.Ra1 Qb2 25.Rab1 dxc3 26.Rxb2 cxb2 27.Rd1 Ba4 
28.Qa3 Bxd1 29.Qxb2 Bxg4 30.Qg2 Rc1+ 31.Kd2 Rd1+ 32.Kc2 Nd5 33.Kb3 Rd3+ 
34.Ka4 Bd1+ 35.Kb5 Rc3 36.Qf2 Nc7+ 0-1

[Event "21st Panam-ch"]
[Site "Mar del Plata ARG"]
[Date "2012.10.14"]
[Round "4.75"]
[White "Besso, Guadalupe"]
[Black "Schuh, Astor Jose"]
[Result "0-1"]
[WhiteElo "1730"]
[BlackElo "2055"]
[EventDate "2012.10.12"]
[PlyCount "66"]

1.d4 Nf6 2.c4 e6 3.Nc3 d5 4.cxd5 exd5 5.Bg5 Be7 6.e3 O-O 7.Bd3 h6 8.Bh4 c6
9.Qc2 Nbd7 10.Nge2 Re8 11.O-O Bd6 12.Rae1 Bxh2+ 13.Kh1 Bd6 14.Bg3 Bxg3 15.
Nxg3 Ng4 16.Nf5 Nf8 17.g3 Qg5 18.Kg2 g6 19.Nh4 f5 20.Na4 Kg7 21.b4 a6 22.
Nb6 Rb8 23.Qc5 Qd8 24.Nxc8 Rxc8 25.a4 Ne6 26.Qc3 Ng5 27.Qc1 Rf8 28.f3 Nf6 
29.a5 Nh5 30.g4 Nxf3 31.Nxf3 fxg4 32.Rh1 Rxf3 33.Be2 Rg3+ 0-1

[Event "21st Panam-ch"]
[Site "Mar del Plata ARG"]
[Date "2012.10.14"]
[Round "4.76"]
[White "Ezcurra, Mariano"]
[Black "Conde, Adrian"]
[Result "0-1"]
[WhiteElo "1560"]
[BlackElo "2053"]
[EventDate "2012.10.12"]
[PlyCount "74"]

1.c4 Nf6 2.Nc3 e6 3.d3 b6 4.Nf3 Bb7 5.g3 Be7 6.Bg2 O-O 7.O-O d6 8.Bd2 c5 
9.a3 Nbd7 10.b4 a6 11.Rb1 Qc7 12.b5 a5 13.a4 Rad8 14.Bg5 h6 15.Bd2 Rfe8 
16.Re1 d5 17.Qc2 d4 18.Nd1 e5 19.Nh4 Bxg2 20.Nxg2 g5 21.f4 exf4 22.gxf4 
Bd6 23.Nf2 gxf4 24.Qc1 Nh5 25.Ng4 Kh7 26.Nh4 Rg8 27.h3 Ne5 28.Kf2 Nxg4+ 
29.hxg4 Rxg4 30.Nf3 Rdg8 31.Rg1 f5 32.Qf1 Rg3 33.Nh4 Qe7 34.Nxf5 Qe3+ 35.
Bxe3 fxe3+ 36.Ke1 Rxg1 37.Nxd6 Nf4 0-1

[Event "21st Panam-ch"]
[Site "Mar del Plata ARG"]
[Date "2012.10.14"]
[Round "4.78"]
[White "Morelli, Nicolas"]
[Black "Speranza, Mariano"]
[Result "1-0"]
[WhiteElo "2036"]
[BlackElo "1851"]
[EventDate "2012.10.12"]
[PlyCount "127"]

1.e4 e5 2.Nf3 d6 3.Nc3 Nf6 4.d4 Nbd7 5.Bc4 Be7 6.O-O O-O 7.h3 c6 8.a4 Qc7 
9.Be3 a6 10.Qe2 b6 11.Nh2 Bb7 12.f4 c5 13.fxe5 Nxe4 14.Nxe4 Bxe4 15.e6 
fxe6 16.Bxe6+ Kh8 17.Qg4 Nf6 18.Rxf6 Bxf6 19.Qxe4 cxd4 20.Bf2 Be5 21.Bxd4 
Rae8 22.Bxe5 dxe5 23.Qc4 Qd6 24.Bg4 e4 25.Rd1 Qg3 26.Qe2 Qe5 27.c3 Qc5+ 
28.Rd4 e3 29.Bf3 Rf6 30.Rd5 Qe7 31.Ng4 Re6 32.Rd3 Qc5 33.b4 Qg5 34.Bd5 
R6e7 35.Bc6 Rf8 36.Rxe3 Rc7 37.b5 axb5 38.axb5 Ra7 39.Rf3 Ra1+ 40.Kh2 Qd8 
41.Rxf8+ Qxf8 42.Qe8 Qxe8 43.Bxe8 Rc1 44.Bc6 Kg8 45.Ne5 Rxc3 46.Nd7 Kf7 
47.Nxb6 Ke6 48.Nd7 Kd6 49.Nf8 h6 50.Ng6 Rb3 51.Nh4 Ke6 52.Nf3 Kd6 53.Nd4 
Rb4 54.Nf5+ Ke5 55.Nxg7 Kf6 56.Nh5+ Kg6 57.Ng3 Rb3 58.Ne2 Kf6 59.Nd4 Rb4 
60.Nf3 Rb2 61.Kg3 Rb4 62.Nd2 Ke5 63.Ne4 Kf5 64.Nc5 1-0

[Event "21st Panam-ch"]
[Site "Mar del Plata ARG"]
[Date "2012.10.14"]
[Round "4.80"]
[White "Heinecke, Victor"]
[Black "Brizzi, Milagros Tatiana"]
[Result "1-0"]
[WhiteElo "2025"]
[BlackElo "1839"]
[EventDate "2012.10.12"]
[PlyCount "55"]

1.e4 c5 2.Nc3 e6 3.g3 a6 4.Bg2 Nc6 5.Nge2 Qc7 6.O-O d6 7.d3 b5 8.f4 Nge7 
9.Be3 g6 10.Qd2 Bg7 11.Rae1 Bd7 12.e5 dxe5 13.Bxc5 Rc8 14.Ne4 O-O 15.c3 
Rfd8 16.Qe3 exf4 17.Nxf4 Nf5 18.Qf2 Qb8 19.Kh1 h5 20.Bh3 Be8 21.Bg2 Ne5 
22.Ba7 Ng4 23.Qg1 Qe5 24.d4 Qc7 25.d5 Qe7 26.Bc5 Qd7 27.dxe6 Qxe6 28.Nxe6 
1-0

[Event "21st Panam-ch"]
[Site "Mar del Plata ARG"]
[Date "2012.10.14"]
[Round "4.81"]
[White "Aberbach, Angel"]
[Black "Figar, Nicolas"]
[Result "1-0"]
[WhiteElo "2023"]
[BlackElo "1802"]
[EventDate "2012.10.12"]
[PlyCount "58"]

1.d4 Nf6 2.c4 g6 3.Nc3 Bg7 4.e4 d6 5.f4 O-O 6.Nf3 c5 7.d5 e6 8.dxe6 Bxe6 
9.Bd3 Re8 10.O-O Bg4 11.h3 Bxf3 12.Qxf3 Nc6 13.Be3 Nb4 14.Bb1 Qe7 15.f5 
Nc6 16.Bg5 Ne5 17.Qf4 Ned7 18.Qh4 Qe5 19.Rd1 Nh5 20.g4 Qg3+ 21.Qxg3 Nxg3 
22.Rxd6 Nb6 23.f6 Bf8 24.Rxb6 axb6 25.Bf4 Red8 26.Bxg3 Rd2 27.b3 Bh6 28.
Nd5 Kf8 29.h4 Rd8 1-0

[Event "21st Panam-ch"]
[Site "Mar del Plata ARG"]
[Date "2012.10.14"]
[Round "4.87"]
[White "Freitas, Julio Eimard de"]
[Black "Bidigaray, Marcio"]
[Result "1-0"]
[WhiteElo "1882"]
[BlackElo "1715"]
[EventDate "2012.10.12"]
[PlyCount "79"]

1.d4 c5 2.d5 b5 3.e4 Ba6 4.Be2 d6 5.c3 Nf6 6.Qc2 g6 7.Bg5 Bg7 8.Nf3 O-O 9.
O-O Qc8 10.Nbd2 Nbd7 11.Rfc1 h6 12.Bh4 Nh5 13.Bxe7 Nf4 14.Re1 Be5 15.Bxf8 
Nxf8 16.Nxe5 dxe5 17.c4 b4 18.Bf1 Qd8 19.Nf3 Bc8 20.Nxe5 Qf6 21.Nf3 Bg4 
22.e5 Qe7 23.Qe4 g5 24.h3 Bh5 25.g3 Bxf3 26.Qxf3 N4g6 27.Bg2 Nd7 28.d6 Qe6
29.Qxa8+ Kg7 30.Qd5 Ndxe5 31.f4 Qxd5 32.cxd5 Nd3 33.d7 Nxe1 34.Rxe1 gxf4 
35.d8=Q fxg3 36.Re8 h5 37.Rg8+ Kh6 38.Be4 b3 39.Qf6 bxa2 40.Rh8# 1-0

[Event "21st Panam-ch"]
[Site "Mar del Plata ARG"]
[Date "2012.10.14"]
[Round "4.88"]
[White "Romero Kries, Mario Andres"]
[Black "Bigoria Escobedo, Raul"]
[Result "1/2-1/2"]
[WhiteElo "1645"]
[BlackElo "1868"]
[EventDate "2012.10.12"]
[PlyCount "61"]

1.e4 c5 2.c3 e6 3.d4 b6 4.Nf3 d6 5.Bf4 Nf6 6.Bb5+ Bd7 7.Bd3 Nc6 8.O-O Be7 
9.e5 dxe5 10.dxe5 Nd5 11.Bg3 O-O 12.Be4 Nc7 13.Qd3 g6 14.Nbd2 Ne8 15.Rfd1 
Ng7 16.Nb3 Be8 17.Qe3 Qc7 18.Bf4 Rd8 19.Bh6 Nxe5 20.Nxe5 Qxe5 21.Bf4 Qf6 
22.Bg3 Ba4 23.Rd2 Bxb3 24.axb3 Rxd2 25.Qxd2 Rd8 26.Qc2 e5 27.Rxa7 Qd6 28.
h3 c4 29.Bf3 f5 30.Bh2 e4 31.Be2 1/2-1/2

[Event "21st Panam-ch"]
[Site "Mar del Plata ARG"]
[Date "2012.10.14"]
[Round "4.89"]
[White "Aguero Arce, Matias"]
[Black "Argote Heredia, Valentina"]
[Result "1-0"]
[WhiteElo "1633"]
[BlackElo "1856"]
[EventDate "2012.10.12"]
[PlyCount "65"]

1.d4 Nf6 2.Nf3 e6 3.c4 b6 4.Nc3 Bb4 5.Bg5 Bxc3+ 6.bxc3 Bb7 7.e3 d6 8.Bd3 
Nbd7 9.O-O c5 10.Qc2 Bxf3 11.gxf3 Rc8 12.Qa4 h6 13.Bh4 g5 14.Bg3 Qc7 15.
Rac1 h5 16.h4 gxh4 17.Bxh4 Rg8+ 18.Kh1 Qb7 19.e4 Ke7 20.Rg1 cxd4 21.cxd4 
e5 22.d5 Nc5 23.Qa3 Qd7 24.Kh2 Rg6 25.Rxg6 fxg6 26.Bf1 Qd8 27.Qe3 Qe8 28.
Bh3 Rc7 29.Qg5 Qf7 30.Rg1 Nd3 31.Qxg6 Nf4 32.Bxf6+ Qxf6 33.Qh7+ 1-0

[Event "21st Panam-ch"]
[Site "Mar del Plata ARG"]
[Date "2012.10.14"]
[Round "4.92"]
[White "Bilbao, Guillermo"]
[Black "Perez Velazco, Daniela"]
[Result "0-1"]
[WhiteElo "1890"]
[BlackElo "1465"]
[EventDate "2012.10.12"]
[PlyCount "62"]

1.e4 c5 2.Nf3 d6 3.d4 cxd4 4.Nxd4 Nf6 5.Nc3 g6 6.Be3 Bg7 7.f3 Nc6 8.Qd2 
O-O 9.O-O-O Bd7 10.h4 h5 11.Bh6 Rc8 12.Bxg7 Kxg7 13.Be2 Ne5 14.Qg5 Rxc3 
15.bxc3 Qa5 16.Qe3 Qxa2 17.Kd2 Nc4+ 18.Bxc4 Qxc4 19.Qd3 Qc7 20.Qe3 Rc8 21.
Rdg1 b5 22.Rb1 a6 23.Rb2 e5 24.Ne2 d5 25.Rd1 dxe4 26.fxe4 Bg4 27.Re1 Qe7 
28.Ng3 Rd8+ 29.Kc1 a5 30.Kb1 Rb8 31.Rb3 Rd8 0-1

[Event "21st Panam-ch"]
[Site "Mar del Plata ARG"]
[Date "2012.10.15"]
[Round "5.5"]
[White "Mareco, Sandro"]
[Black "Valerga, Diego"]
[Result "0-1"]
[WhiteElo "2581"]
[BlackElo "2485"]
[EventDate "2012.10.12"]
[PlyCount "86"]

1.Nf3 Nf6 2.c4 e6 3.g3 d5 4.Bg2 dxc4 5.O-O Nbd7 6.Qc2 Nb6 7.Na3 Bxa3 8.
bxa3 Bd7 9.Ne5 Ba4 10.Qc3 Nfd5 11.Qa5 c6 12.d4 cxd3 13.Nxd3 Bb5 14.Rd1 Na4
15.Qe1 Qf6 16.Bd2 Bxd3 17.exd3 O-O 18.Rdc1 Rfd8 19.Rab1 Rd7 20.Rc4 Nb2 21.
Rc2 Nxd3 22.Qe2 Ne5 23.Bc1 Ng6 24.Bb2 Qe7 25.h4 h6 26.Re1 Rad8 27.Qf3 Nf6 
28.Bc1 Rd3 29.Qe2 Qd6 30.h5 Ne7 31.Be3 b6 32.a4 Rd1 33.Bf3 Rxe1+ 34.Qxe1 
c5 35.Bf4 Qd7 36.Rd2 Nfd5 37.Be5 Qxa4 38.Bb2 Qe8 39.Qa1 Qf8 40.Be4 Nc6 41.
a3 Nd4 42.Qd1 Nf6 43.Bg2 Qd6 0-1

[Event "21st Panam-ch"]
[Site "Mar del Plata ARG"]
[Date "2012.10.15"]
[Round "5.6"]
[White "Hungaski, Robert"]
[Black "Bacallao Alonso, Yusnel"]
[Result "1/2-1/2"]
[WhiteElo "2451"]
[BlackElo "2580"]
[EventDate "2012.10.12"]
[PlyCount "85"]

1.Nf3 Nf6 2.c4 g6 3.Nc3 d5 4.cxd5 Nxd5 5.h4 h6 6.e4 Nxc3 7.dxc3 Qxd1+ 8.
Kxd1 Nd7 9.Bf4 Nc5 10.Nd2 Ne6 11.Be3 h5 12.a4 Bh6 13.Bxh6 Rxh6 14.a5 Bd7 
15.Bc4 Rh8 16.Kc2 Kf8 17.Nb3 Rd8 18.g3 Kg7 19.f4 Nf8 20.Nc5 Bc6 21.Rhe1 
Nd7 22.Nd3 Nf6 23.Nf2 Rhe8 24.e5 Ng8 25.Bd3 Nh6 26.Be4 Bxe4+ 27.Nxe4 Nf5 
28.Rad1 Rxd1 29.Kxd1 Rd8+ 30.Ke2 Rd5 31.b4 f6 32.exf6+ exf6 33.Rd1 Rxd1 
34.Kxd1 b6 35.axb6 axb6 36.Ke2 Kf7 37.b5 Ke6 38.c4 Ne7 39.Ke3 Nf5+ 40.Kd3 
Ke7 41.Kc3 Ke6 42.Kd3 Ke7 43.Kc3 1/2-1/2

[Event "21st Panam-ch"]
[Site "Mar del Plata ARG"]
[Date "2012.10.15"]
[Round "5.8"]
[White "Hernandez Guerrero, Gilberto"]
[Black "Roselli Mailhe, Bernardo"]
[Result "1/2-1/2"]
[WhiteElo "2531"]
[BlackElo "2430"]
[EventDate "2012.10.12"]
[PlyCount "45"]

1.e4 e6 2.d4 d5 3.Nc3 Bb4 4.e5 b6 5.Bd2 Qd7 6.Bb5 c6 7.Ba4 a5 8.a3 Bf8 9.
Nf3 b5 10.Bb3 c5 11.dxc5 Bxc5 12.Be3 Bxe3 13.fxe3 a4 14.Ba2 Ne7 15.e4 dxe4
16.Nxe4 Qxd1+ 17.Rxd1 O-O 18.Nd6 Nbc6 19.Nxb5 Rb8 20.Nc3 Rxb2 21.Kd2 Rb7 
22.Kc1 Nb8 23.Rd4 1/2-1/2

[Event "21st Panam-ch"]
[Site "Mar del Plata ARG"]
[Date "2012.10.15"]
[Round "5.9"]
[White "Shabalov, Alexander"]
[Black "Julia, Ernesto"]
[Result "1/2-1/2"]
[WhiteElo "2571"]
[BlackElo "2370"]
[EventDate "2012.10.12"]
[PlyCount "47"]

1.e4 e5 2.Nf3 Nc6 3.Bb5 a6 4.Ba4 Nf6 5.O-O Be7 6.Re1 b5 7.Bb3 d6 8.c3 O-O 
9.h3 h6 10.d4 Re8 11.Nbd2 Bf8 12.a3 Bd7 13.Bc2 a5 14.d5 Nb8 15.a4 c6 16.
dxc6 Bxc6 17.axb5 Bxb5 18.Ba4 Bxa4 19.Qxa4 Nbd7 20.Nb3 Qc7 21.Be3 Reb8 22.
Re2 Be7 23.Nfd2 Bd8 24.Ra2 1/2-1/2

[Event "21st Panam-ch"]
[Site "Mar del Plata ARG"]
[Date "2012.10.15"]
[Round "5.10"]
[White "Kaidanov, Gregory"]
[Black "Pichot, Alan"]
[Result "1-0"]
[WhiteElo "2587"]
[BlackElo "2300"]
[EventDate "2012.10.12"]
[PlyCount "73"]

1.e4 c5 2.c3 d5 3.exd5 Qxd5 4.d4 cxd4 5.cxd4 Nc6 6.Nf3 Bg4 7.Nc3 Bxf3 8.
Nxd5 Bxd1 9.Nc7+ Kd8 10.Nxa8 Bh5 11.d5 Nb4 12.Be2 Nc2+ 13.Kd1 Bg6 14.Rb1 
Nb4 15.Ra1 Nxd5 16.Be3 Nxe3+ 17.fxe3 Be4 18.Bf3 Nf6 19.Ke2 Bxf3+ 20.gxf3 
e6 21.Rhd1+ Bd6 22.Rxd6+ Ke7 23.Rd4 Rxa8 24.Rc1 Ne8 25.Rcd1 Nf6 26.Rc1 Ne8
27.Rc3 Rd8 28.Rxd8 Kxd8 29.Kd3 Nd6 30.a4 Kd7 31.Kd4 b6 32.e4 h5 33.Rc1 Nb7
34.b4 Nd8 35.f4 a6 36.b5 a5 37.e5 1-0

[Event "21st Panam-ch"]
[Site "Mar del Plata ARG"]
[Date "2012.10.15"]
[Round "5.11"]
[White "Felgaer, Ruben"]
[Black "Zuriel, Marisa"]
[Result "1-0"]
[WhiteElo "2579"]
[BlackElo "2217"]
[EventDate "2012.10.12"]
[PlyCount "73"]

1.e4 c5 2.Nf3 d6 3.d4 cxd4 4.Nxd4 Nf6 5.Nc3 a6 6.Be2 e6 7.O-O Be7 8.f4 O-O
9.a4 Nc6 10.Be3 Qc7 11.Kh1 Re8 12.Bf3 Rb8 13.Qd2 Bd7 14.Qf2 Bf8 15.Rad1 
Nxd4 16.Bxd4 e5 17.Bb6 Qc4 18.Be2 Qc8 19.fxe5 dxe5 20.Nd5 Nxd5 21.Qxf7+ 
Kh8 22.exd5 Bd6 23.Qh5 Bxa4 24.b3 Bd7 25.Bd3 e4 26.Bd4 Bf8 27.Qg5 Re7 28.
Rde1 Qe8 29.Rxe4 Rxe4 30.Bxe4 Kg8 31.Bd3 a5 32.c4 b6 33.h3 Rb7 34.Qh4 h6 
35.Re1 Qf7 36.Qe4 g5 37.Rf1 1-0

[Event "21st Panam-ch"]
[Site "Mar del Plata ARG"]
[Date "2012.10.15"]
[Round "5.15"]
[White "Reis, Renan do Carmo"]
[Black "Slipak, Sergio"]
[Result "0-1"]
[WhiteElo "2306"]
[BlackElo "2447"]
[EventDate "2012.10.12"]
[PlyCount "90"]

1.e4 e5 2.Nf3 Nc6 3.Bb5 a6 4.Ba4 Nge7 5.O-O g6 6.c3 Bg7 7.d4 exd4 8.cxd4 
b5 9.Bb3 d6 10.h3 O-O 11.Nc3 Na5 12.Bc2 c5 13.dxc5 dxc5 14.Qxd8 Rxd8 15.
Bg5 Re8 16.Rad1 Be6 17.e5 Nec6 18.Rfe1 h6 19.Bc1 Rad8 20.Ne4 Nb4 21.Bb1 
Rxd1 22.Rxd1 Bxa2 23.Bxa2 Nxa2 24.Bxh6 Nc4 25.Nf6+ Bxf6 26.exf6 Nb4 27.Rd7
Nc6 28.Ng5 Nd8 29.b3 Na5 30.Re7 Rf8 31.Bxf8 Kxf8 32.Nh7+ Kg8 33.Ng5 Kf8 
34.Nh7+ Kg8 35.Re8+ Kxh7 36.Rxd8 Nxb3 37.Rf8 c4 38.Rxf7+ Kg8 39.Rc7 a5 40.
Kf1 a4 41.Ke1 a3 42.Ra7 b4 43.Kd1 Nd4 44.Kc1 c3 45.Ra4 b3 0-1

[Event "21st Panam-ch"]
[Site "Mar del Plata ARG"]
[Date "2012.10.15"]
[Round "5.16"]
[White "Cori Tello, Deysi"]
[Black "Gascon Del Nogal, Jose Rafael"]
[Result "1/2-1/2"]
[WhiteElo "2411"]
[BlackElo "2206"]
[EventDate "2012.10.12"]
[PlyCount "87"]

1.d4 d5 2.Nf3 Nf6 3.c4 c6 4.Qc2 g6 5.Nc3 a6 6.Bg5 Be6 7.e3 Bg7 8.cxd5 cxd5
9.Qb3 Ra7 10.Qa4+ Nc6 11.Ne5 O-O 12.Nxc6 bxc6 13.Be2 Qb6 14.O-O Rb8 15.
Rac1 Rbb7 16.b3 a5 17.Qa3 Qb4 18.Qxb4 axb4 19.Na4 Ne4 20.Bh4 g5 21.Bg3 Nc3
22.Nxc3 bxc3 23.Rxc3 Rxa2 24.Bd3 Bd7 25.Rd1 h5 26.h4 gxh4 27.Bxh4 e5 28.
Bb1 Rb2 29.Bc2 exd4 30.exd4 Rb4 31.Be7 Rxd4 32.Ra1 Ra4 33.bxa4 Bxc3 34.Bd1
Rxf2 35.Kxf2 Bxa1 36.Bc5 Bc3 37.Bb6 Bc8 38.Bxh5 Ba6 39.Bg4 Kf8 40.Ke3 Ke7 
41.Bc5+ Ke8 42.Bb6 Ke7 43.Bc5+ Ke8 44.Bb6 1/2-1/2

[Event "21st Panam-ch"]
[Site "Mar del Plata ARG"]
[Date "2012.10.15"]
[Round "5.17"]
[White "Diaz Hollemaert, Nahuel"]
[Black "Borja Avila, Raul"]
[Result "1-0"]
[WhiteElo "2408"]
[BlackElo "2140"]
[EventDate "2012.10.12"]
[PlyCount "65"]

1.c4 Nf6 2.Nc3 e5 3.Nf3 Nc6 4.e3 Be7 5.a3 d6 6.Qc2 Bg4 7.h3 Bh5 8.b4 a5 9.
b5 Nb8 10.d3 Nbd7 11.g4 Bg6 12.Nh4 Nxg4 13.Nxg6 hxg6 14.Bg2 Nh6 15.Bxb7 
Rb8 16.Bc6 Kf8 17.Bd2 Bh4 18.Rh2 Nf5 19.Nd5 Nf6 20.O-O-O Nxd5 21.cxd5 Bf6 
22.Bxa5 Rh4 23.Kd2 Ra8 24.Bxa8 Qxa8 25.Qxc7 Kg8 26.Bb4 Qxd5 27.Qc6 Qa2+ 
28.Qc2 Qd5 29.b6 Ne7 30.Qc7 Qa2+ 31.Ke1 Nd5 32.Qc8+ Kh7 33.b7 1-0

[Event "21st Panam-ch"]
[Site "Mar del Plata ARG"]
[Date "2012.10.15"]
[Round "5.20"]
[White "Krysa, Leandro"]
[Black "Fernandez, Maria Florencia"]
[Result "1-0"]
[WhiteElo "2381"]
[BlackElo "2138"]
[EventDate "2012.10.12"]
[PlyCount "67"]

1.d4 Nf6 2.c4 g6 3.Nc3 Bg7 4.e4 d6 5.Nf3 O-O 6.Be2 e5 7.O-O Nc6 8.d5 Ne7 
9.b4 Nh5 10.Re1 f5 11.Ng5 Nf4 12.Bxf4 exf4 13.Rc1 h6 14.Ne6 Bxe6 15.dxe6 
Be5 16.b5 Kh8 17.exf5 Nxf5 18.Bg4 Qg5 19.Nd5 c6 20.bxc6 bxc6 21.e7 Nxe7 
22.Nc7 f3 23.Bxf3 Rac8 24.Ne6 Qh4 25.g3 Qf6 26.Nxf8 Rxf8 27.Kg2 Nf5 28.Rf1
h5 29.Bxc6 h4 30.Qg4 Kg7 31.Rb1 hxg3 32.hxg3 Rf7 33.Ba4 Re7 34.Rh1 1-0

[Event "21st Panam-ch"]
[Site "Mar del Plata ARG"]
[Date "2012.10.15"]
[Round "5.21"]
[White "Perez, Maximiliano"]
[Black "Fusco, Leonardo"]
[Result "1/2-1/2"]
[WhiteElo "2264"]
[BlackElo "2379"]
[EventDate "2012.10.12"]
[PlyCount "28"]

1.e4 e6 2.d4 d5 3.e5 c5 4.c3 Nc6 5.Nf3 Bd7 6.a3 c4 7.Nbd2 Na5 8.g3 Ne7 9.
h4 Nc8 10.Bh3 Nb6 11.O-O Qc7 12.Qe2 Ba4 13.Ng5 O-O-O 14.f4 g6 1/2-1/2

[Event "21st Panam-ch"]
[Site "Mar del Plata ARG"]
[Date "2012.10.15"]
[Round "5.22"]
[White "Fiori, Hector"]
[Black "Kanefsck, Gustavo"]
[Result "1/2-1/2"]
[WhiteElo "2125"]
[BlackElo "2358"]
[EventDate "2012.10.12"]
[PlyCount "20"]

1.e4 c6 2.d4 d5 3.Nd2 dxe4 4.Nxe4 Bf5 5.Nc5 Qc7 6.Bd3 Bg6 7.Nf3 e6 8.O-O 
Bd6 9.Re1 Ne7 10.Ne5 Nd7 1/2-1/2

[Event "21st Panam-ch"]
[Site "Mar del Plata ARG"]
[Date "2012.10.15"]
[Round "5.24"]
[White "Benedetti, Julio"]
[Black "Fabian, Gaston"]
[Result "0-1"]
[WhiteElo "2117"]
[BlackElo "2344"]
[EventDate "2012.10.12"]
[PlyCount "66"]

1.e4 e6 2.d4 d5 3.exd5 exd5 4.Nf3 Nc6 5.c3 Bd6 6.Bd3 Bg4 7.O-O Qd7 8.a4 
O-O-O 9.Na3 Nge7 10.Nb5 Kb8 11.b4 Rde8 12.a5 Nd8 13.Bg5 f6 14.Nxd6 cxd6 
15.Bc1 g5 16.Bc2 Ng6 17.Qd3 Re4 18.Bd1 Ne6 19.Ba4 Qc8 20.a6 b6 21.g3 Bh3 
22.Rd1 Ngf4 23.Bxf4 Nxf4 24.Qb5 Ne2+ 25.Kh1 Nxc3 26.Qc6 Qxc6 27.Bxc6 Nxd1 
28.Rxd1 Bg4 29.Kg2 Bxf3+ 30.Kxf3 g4+ 31.Kg2 Rc8 32.b5 Rxc6 33.bxc6 Kc7 0-1